Star Wars Characters By Letter - J - Statistics

General Stats
  • This quiz has been taken 94 times
  • The average score is 5 of 8
Answer Stats
Picture Answer % Correct
Jabba The Hutt
100%
Jango Fett
100%
Jar Jar Binks
97%
Jyn Erso
88%
Jocasta Nu
59%
Jannah
43%
Jek Porkins
39%
Joh Yowza
17%
No matching quizzes found
Score Distribution
Percent of People with Each Score
Percentile by Number Answered
Your Score History
You have not taken this quiz